000
00301nam a22001337a 4500
008
170418b xxu||||| |||| 00| 0 eng d
020
_a
9781285904191
041
_a
eng
080
_a
612.39
100
_a
10
101
_a
SHM
245
_a
DHN 212: INTRODUCTORY NUTRITION
_c
WHITNEY
942
_2
udc
_c
BK
999
_c
10926
_d
10926